LEADER 01195nam a2200289 i 4500 001 000000145408 003 CaOOAMICUS 005 20051128000000.0 008 051128s2005 it u000 u ita u 013 $a120800 020 $a88-311-3182-6 040 $aSeMil$bita 100 0 $aElise ,$c.$0(OLS)http://semarc/name/33315 245 10$aStoria di Vardan e dei martiri armeni /$cElise ; introduzione, traduzione e note Riccardo Pane. 260 $aRoma :$bCittà Nuova,$c2005. 300 $a224 p. ;$c21 cm. 490 0 $aCollana di testi patristici ;$v182 700 1 $aPane, Riccardo,$d<1972- >.$0(OLS)http://semarc/name/56272 830 0$aCollana di testi patristici ;$v182.$0(OLS)http://semarc/title/2 850 $aSeMil 852 $aSeMil$W1$xVenegono$y1$m2U III 282$j98194$B98194$CSeMilBibl$Z2$F106244 $81 900 0 $aEliseo : l'Armeno. 961 $aSottoscrizione: Città Nuova (Agente) 996 $6020$a88-311-3182-6$9(OLS)http://semarc/number/133882 996 $6245$aStoria di Vardan e dei martiri armeni$9(OLS)http://semarc/title/212673 996 $6260$aRoma :$bCittà Nuova$9(OLS)http://semarc/publisher/29609 LEADER 02333nam a2200385 i 4500 001 000000037922 003 CaOOAMICUS 005 20120828000000.0 008 120828s1986 it u000 u ita u 013 $a8301 020 $a88-209-1529-4 040 $aSeMil$bita 245 13$aLa nuova legislazione matrimoniale canonica :$bil consenso: elementi essenziali, difetti, vizi. 260 $aCittà del Vaticano :$bLibreria Editrice Vaticana,$c1986. 300 $a201 p. ;$c24 cm. 490 0 $aStudi giuridici ;$v10. 650 4$aMatrimonio - Diritto canonico.$0(OLS)http://semarc/subject/1701 650 4$aMatrimonio canonico.$0(OLS)http://semarc/subject/3039 774 0 $aFagiolo, Vincenzo <1918-2020>$tAnnuncio cristiano, culture e legislazione matrimoniale canonica 1-24.$w()303313 774 0 $aGraziani, Ermanno$tEssenza del matrimonio e definizione del consenso.$w()303314 774 0 $aBonnet, Antonio$tErrore di diritto giuridicamente rilevante nel consenso matrim , copyr. 1986. P. 35-61.$w()303315 774 0 $aRicciardi, Giuseppe$tErrore sulla persona ed errore sulla qualità della persona intesa Vaticano.$w()303316 774 0 $aNavarrete Cortés, Urbano $tBeni del matrimonio.$w()303317 774 0 $aCastaño, José F. $tDolo nel matrimonio.$w()303318 774 0 $aStankiewicz, Antoni$tErrore circa le proprietà e la dignità sacramentale del matrimoni P. 117-132.$w()303319 774 0 $aVilleggiante, Sebastiano$tErrore e volontà simulatoria nel consenso matrimoniale in diritto copyr. 1986. P. 133-159.$w()303320 774 0 $aSerrano Ruiz, José Maria$tConsenso matrimoniale condizionato.$w()303321 774 0 $aMauro, Tommaso$tImpedimento «vis vel metus» nella sua legislazione matrimonial 86. P. 183-201.$w()303322 830 0$aStudi giuridici ;$v10.$0(OLS)http://semarc/title/471 850 $aSeMil 852 $aSeMil$W1$xVenegono$y1$m2H VI 10$j4077$B4077$CSeMilBibl$Z2$F4077 $81 961 $aOmaggio: Casa editrice 996 $6020$a88-209-1529-4$9(OLS)http://semarc/number/7033 996 $6245$aLa nuova legislazione matrimoniale canonica :$bil consenso: elementi essenziali, difetti, vizi$9(OLS)http://semarc/title/53288 996 $6260$aCittà del Vaticano :$bLibreria Editrice Vaticana$9(OLS)http://semarc/publisher/29734